| 000 | 00611nam a2200241Ia 4500 | ||
|---|---|---|---|
| 003 | OSt | ||
| 005 | 20220912145432.0 | ||
| 006 | a|||||r|||| 00| 0 | ||
| 007 | ta | ||
| 008 | 220909b |||||||| |||| 00| 0 eng d | ||
| 024 | _a66683 | ||
| 037 | _cTextual | ||
| 040 |
_aCSL _beng _cCSL |
||
| 041 | _aeng | ||
| 082 | _aD6, L5.12/.13/.14 | ||
| 100 | _aOpen university | ||
| 245 | 0 | _aIntroduction to engineering mechanics | |
| 260 | _c1975 | ||
| 300 |
_ap. _ccm. |
||
| 650 | _aMechanical engineering | ||
| 942 |
_hD6, L5.12/.13/.14 _cTEXL _2CC |
||
| 999 |
_c31851 _d31851 |
||